Antología en verso y prosa

Shranjeno v:
Bibliografske podrobnosti
Format: Knjiga
Jezik:španščina
Izdano: Lima Real Academia Española 2010
Lima Alfaguara 2010
Izdaja:1a. ed
Teme:
Oznake: Označite
Brez oznak, prvi označite!

MARC

LEADER 00000nam a2200000 a 4500
001 UCG1137
003 CL-VaPUC
008 100422e20100000PE |||||||||||||||||spa|d
020 |a 9788420405599 
082 0 4 |a 861  |b MIS  |2 21 
245 1 0 |a Antología en verso y prosa 
250 |a 1a. ed 
300 |a 758 p 
942 |c BK 
945 |d 20100422 00:00:00  |a cmena 
260 |a Lima  |b Real Academia Española  |c 2010 
260 |a Lima  |b Alfaguara  |c 2010 
650 0 |a Poesías chilenas   |9 265280 
650 0 |a Literatura chilena   |9 308278 
650 0 |a Prosas chilenas   |9 316104 
583 |a last modification  |c 20130326 08:53:00  |k Rodrigo Vera 
999 |c 340581  |d 340579 
952 |0 0  |1 0  |4 0  |6 861_000000000000000_MIS_2010_2010  |7 0  |8 C  |9 435437  |a BIBCUR  |b BIBCUR  |d 2019-11-22  |i 4661516  |l 2  |o 861 MIS 2010 2010  |p 4661516  |r 2025-05-02  |s 2025-05-02  |w 2019-11-22  |y BK  |k CAC